[Event "XVI Weekend A"]
[Site "Campodarsego ITA"]
[Date "2005.01.23"]
[Round "4"]
[White "Pircher, Karl"]
[Black "Zarpellon, Daniel"]
[Result "0-1"]
[WhiteElo "2012"]
[BlackElo "2108"]
[PlyCount "97"]
[EventDate "2005.01.21"]

1. d4 Nf6 2. c4 g6 3. Nc3 Bg7 4. e4 d6 5. Nf3 O-O 6. Be2 e5 7. O-O Nc6 8. d5
Ne7 9. Ne1 Nd7 10. Nd3 f5 11. Bd2 a5 12. f3 f4 13. a3 Nc5 14. Nxc5 dxc5 15. Rb1
g5 16. b4 axb4 17. axb4 cxb4 18. Rxb4 h5 19. Na4 Rf6 20. Bc3 Rh6 21. Nc5 b6 22.
Nd3 Ng6 23. h3 Bd7 24. Rb1 Qc8 25. Nf2 Bf8 26. Bb4 Ra2 27. Bxf8 Qxf8 28. Re1
Ba4 29. Qc1 Rc2 30. Qd1 Rxc4 31. Qd2 Rc2 32. Qd3 Qc5 33. Qa6 Bd7 34. Qa8+ Kf7
35. Qd8 Qe7 36. Qa8 Rh8 37. Qa6 Qc5 38. Kf1 g4 39. Nd3 Qe7 40. Nb4 gxh3 41. d6
Qg5 42. Bc4+ Kg7 43. Re2 Rxe2 44. Kxe2 Qxg2+ 45. Kd3 Qxf3+ 46. Kc2 Qxe4+ 47.
Bd3 Qg2+ 48. Kc3 h2 49. Qa1 0-1

[Event "XVI Weekend A"]
[Site "Campodarsego ITA"]
[Date "2005.01.23"]
[Round "4"]
[White "Roberti, Ignazio"]
[Black "Quaranta, Cristiano"]
[Result "0-1"]
[WhiteElo "1975"]
[BlackElo "2072"]
[PlyCount "106"]
[EventDate "2005.01.21"]

1. e4 c5 2. Nf3 Nc6 3. c3 Nf6 4. e5 Nd5 5. d4 e6 6. Bc4 cxd4 7. cxd4 d6 8. O-O
Be7 9. Nbd2 O-O 10. Ne4 b6 11. Bxd5 exd5 12. Nxd6 Bxd6 13. exd6 Qxd6 14. h3 Bf5
15. a3 Na5 16. b3 Rac8 17. Ra2 Rfe8 18. Ne5 f6 19. Nd3 Rc3 20. Bf4 Qd7 21. Nc1
Rec8 22. Bd2 Rc2 23. Rxc2 Bxc2 24. Qf3 Be4 25. Qd1 Qd6 26. Bb4 Qc7 27. Re1 Nc6
28. Bc3 Qf4 29. Ne2 Qd6 30. Bb2 Na5 31. Nc3 Bf5 32. Qf3 Be6 33. Nb5 Qd7 34. Qd3
a6 35. Nc3 b5 36. Qd1 Nc6 37. Ne2 Bf5 38. Nf4 Na5 39. Nd3 Qf7 40. Nc5 Qg6 41.
Kh1 Rd8 42. Qd2 Nc6 43. Qf4 Bc2 44. Qc7 Re8 45. Ne6 Be4 46. Nf4 Re7 47. Qxc6
Qf5 48. Qc1 g5 49. f3 gxf4 50. fxe4 dxe4 51. Qd2 f3 52. gxf3 Qxh3+ 53. Qh2
Qxf3+ 0-1

[Event "XVI Weekend A"]
[Site "Campodarsego ITA"]
[Date "2005.01.23"]
[Round "4"]
[White "Stafie, Constantin"]
[Black "Gromovs, Sergejs"]
[Result "0-1"]
[WhiteElo "2100"]
[BlackElo "2335"]
[PlyCount "92"]
[EventDate "2005.01.21"]

1. d4 d5 2. Nf3 Bf5 3. c4 e6 4. Nc3 Nc6 5. a3 Nf6 6. Bg5 Be7 7. e3 O-O 8. Be2
Ne4 9. Bxe7 Nxe7 10. O-O dxc4 11. Bxc4 Nd5 12. Bxd5 exd5 13. Qb3 Be6 14. Qc2
Nd6 15. b3 c6 16. Ne2 Rc8 17. Ng3 b6 18. b4 f6 19. Rfd1 Bg4 20. h3 Bxf3 21.
gxf3 f5 22. f4 Qh4 23. Kg2 g5 24. fxg5 f4 25. exf4 Rxf4 26. g6 Ne4 27. Nxe4
dxe4 28. Qb3+ Kg7 29. Qg3 Qf6 30. Ra2 Rf8 31. Rc2 hxg6 32. Rdd2 Rf5 33. h4 Rf4
34. h5 g5 35. d5 Qf5 36. Qc3+ Kh7 37. dxc6 e3 38. Qxe3 Rf3 39. Qe7+ Kh6 40. Qd7
Qe4 41. Kf1 R3f4 42. Qd5 Rxf2+ 43. Rxf2 Qxd5 44. c7 Qh1+ 45. Ke2 Rxf2+ 46. Kxf2
Qh2+ 0-1

[Event "XVI Weekend A"]
[Site "Campodarsego ITA"]
[Date "2005.01.23"]
[Round "4"]
[White "Verducci, Gianni"]
[Black "Dal Zovo, Claudio"]
[Result "0-1"]
[WhiteElo "2081"]
[BlackElo "1961"]
[PlyCount "126"]
[EventDate "2005.01.21"]

1. e4 d6 2. d4 Nf6 3. Nc3 c6 4. Bg5 Nbd7 5. Nf3 Qc7 6. Bd3 e5 7. Qd2 Be7 8.
O-O-O a6 9. Kb1 b5 10. Ne2 O-O 11. g4 c5 12. c3 Re8 13. Bxf6 Bxf6 14. g5 Be7
15. h4 c4 16. Bc2 a5 17. h5 f6 18. dxe5 dxe5 19. Qd5+ Kh8 20. h6 Rf8 21. hxg7+
Kxg7 22. gxf6+ Nxf6 23. Rdg1+ Kh8 24. Qxe5 Qxe5 25. Nxe5 Bc5 26. Ng6+ Kg7 27.
Nxf8+ Kxf8 28. e5 Ng4 29. Rxh7 Nxe5 30. Be4 Rb8 31. Bd5 Bf5+ 32. Kc1 Bxh7 33.
Rh1 Kg7 34. f4 Be3+ 35. Kd1 Nd3 36. Rh4 Nxb2+ 37. Ke1 Nd3+ 38. Kf1 Rf8 39. Rg4+
Kh8 40. Bc6 b4 41. Bd5 Nxf4 42. Bxc4 Nd3+ 43. Kg2 Ne1+ 44. Kg3 Bf2+ 45. Kh2 Rf6
46. Ng1 bxc3 47. Bb3 Bxg1+ 48. Kxg1 Rg6 49. Rxg6 Bxg6 50. Kf2 c2 51. Bxc2 Nxc2
52. Ke2 Nb4 53. a3 Nc6 54. Kd2 Kg7 55. Kc3 Bf7 56. a4 Kf6 57. Kb2 Ke5 58. Ka3
Kd4 59. Kb2 Nb4 60. Ka3 Na6 61. Kb2 Kc4 62. Ka3 Be6 63. Kb2 Kb4 0-1

[Event "XVI Weekend A"]
[Site "Campodarsego ITA"]
[Date "2005.01.23"]
[Round "5"]
[White "Allegranti, Luca"]
[Black "Busi, Massimo"]
[Result "1-0"]
[WhiteElo "2024"]
[BlackElo "1820"]
[PlyCount "87"]
[EventDate "2005.01.21"]

1. d4 d5 2. Nf3 Nf6 3. e3 g6 4. c4 e6 5. Nc3 Bg7 6. Ne5 O-O 7. b3 b6 8. Be2 Bb7
9. O-O Nfd7 10. f4 Nxe5 11. fxe5 Nd7 12. cxd5 exd5 13. Ba3 Re8 14. Bf3 c6 15.
e4 c5 16. Nxd5 Bxd5 17. exd5 cxd4 18. e6 fxe6 19. dxe6 Rxe6 20. Bd5 Nc5 21. Qf3
Kh8 22. Bxa8 d3 23. Rad1 Qd4+ 24. Kh1 d2 25. Qd5 Rd6 26. Qxd4 Rxd4 27. Bb2 Rd8
28. Bxg7+ Kxg7 29. b4 Na4 30. Bf3 Nc3 31. Ra1 h6 32. h3 h5 33. Kg1 Rd4 34. a3
Kh6 35. Kf2 g5 36. Ke3 Rd6 37. Rfd1 Nxd1+ 38. Rxd1 a5 39. Rxd2 Re6+ 40. Be4
axb4 41. axb4 g4 42. h4 Kg7 43. Rd5 Kh6 44. Rd7 1-0

[Event "XVI Weekend A"]
[Site "Campodarsego ITA"]
[Date "2005.01.23"]
[Round "5"]
[White "Belloni, Umberto"]
[Black "Verducci, Gianni"]
[Result "0-1"]
[WhiteElo "1950"]
[BlackElo "2081"]
[PlyCount "88"]
[EventDate "2005.01.21"]

1. e4 e6 2. d4 d5 3. exd5 exd5 4. Bd3 Nf6 5. Nf3 Nc6 6. h3 Bd6 7. O-O Be6 8. c3
Qd7 9. Ng5 O-O-O 10. Nxe6 Qxe6 11. Qf3 Ne4 12. Bf4 Kb8 13. Nd2 f5 14. Bxd6 Nxd2
15. Bxc7+ Kxc7 16. Qf4+ Qd6 17. Qxd2 f4 18. b4 g5 19. b5 Ne7 20. Rfe1 Ng6 21.
Bf5 Qf6 22. Be6 Rd6 23. c4 Rxe6 24. Rxe6 Qxe6 25. Re1 Qd7 26. Qa5+ Kb8 27. c5
f3 28. c6 Qc7 29. Qxc7+ Kxc7 30. cxb7 Kxb7 31. g3 Kb6 32. a4 Ka5 33. Rb1 Rc8
34. b6 axb6 35. Rb5+ Kxa4 36. Rxd5 Rc1+ 37. Kh2 Rd1 38. Rxg5 Rxd4 39. Rh5 Rd2
40. Rxh7 Rxf2+ 41. Kg1 Rg2+ 42. Kf1 Ne5 43. Rh4+ Kb3 44. Re4 Nc4 0-1

[Event "XVI Weekend A"]
[Site "Campodarsego ITA"]
[Date "2005.01.23"]
[Round "5"]
[White "Dal Zovo, Claudio"]
[Black "Galiazzo, Giuliano"]
[Result "0-1"]
[WhiteElo "1961"]
[BlackElo "2032"]
[PlyCount "74"]
[EventDate "2005.01.21"]

1. d4 e6 2. Nf3 f5 3. e3 Nf6 4. Bd3 d5 5. O-O Bd6 6. b3 Qe7 7. Bb2 O-O 8. Nbd2
Bd7 9. Ne5 c5 10. c4 Nc6 11. a3 Ne4 12. f3 Nxd2 13. Qxd2 cxd4 14. exd4 Nxe5 15.
dxe5 Bc5+ 16. Kh1 f4 17. Bc2 Bc6 18. b4 Be3 19. Qd3 Rf5 20. b5 Rh5 21. h3 dxc4
22. Qxc4 Bd5 23. Qe2 g5 24. Be4 Bxe4 25. fxe4 Rh4 26. Bc3 Qc5 27. Bd2 Bxd2 28.
Qxd2 Qxe5 29. Qd3 g4 30. Ra2 f3 31. Rff2 Qg3 32. Qf1 Rf8 33. Qg1 fxg2+ 34. Rxg2
Rxh3+ 35. Rh2 Qf3+ 36. Rag2 Rxh2+ 37. Kxh2 Qh3# 0-1

[Event "XVI Weekend A"]
[Site "Campodarsego ITA"]
[Date "2005.01.23"]
[Round "5"]
[White "Drezzadore, Dario"]
[Black "Zarpellon, Daniel"]
[Result "1-0"]
[WhiteElo "1963"]
[BlackElo "2108"]
[PlyCount "113"]
[EventDate "2005.01.21"]

1. e4 d6 2. d4 Nf6 3. Nc3 g6 4. f4 Bg7 5. Nf3 O-O 6. Be2 c6 7. O-O b5 8. e5
dxe5 9. fxe5 Nd5 10. Kh1 Nxc3 11. bxc3 Bb7 12. Ba3 Nd7 13. Ng5 h6 14. Ne4 a5
15. Bd3 Ba6 16. Qg4 b4 17. Bxa6 Rxa6 18. cxb4 a4 19. Rad1 Nb6 20. Nc5 Ra8 21.
Bc1 h5 22. Qf3 Qd5 23. Qxd5 cxd5 24. Rf3 Ra7 25. Rdf1 e6 26. Bg5 Nc4 27. R1f2
Rb8 28. c3 Rf8 29. h3 Rb8 30. g4 hxg4 31. hxg4 Nxe5 32. dxe5 Bxe5 33. a3 Kg7
34. Bf4 Bxf4 35. Rxf4 Rh8+ 36. Kg2 e5 37. Rf6 Rh4 38. Kg3 Rh1 39. Rf1 Rxf1 40.
Rxf1 Kh6 41. Rd1 d4 42. cxd4 exd4 43. Rxd4 Re7 44. Rd3 f5 45. Nxa4 fxg4 46.
Kxg4 Re1 47. Nc5 Ra1 48. a4 Rb1 49. b5 Kg7 50. Nb3 Rg1+ 51. Rg3 Re1 52. Kf4 Kf6
53. b6 Re7 54. a5 Rb7 55. Nc5 Rh7 56. b7 Rh4+ 57. Ke3 1-0

[Event "XVI Weekend A"]
[Site "Campodarsego ITA"]
[Date "2005.01.23"]
[Round "5"]
[White "Dvirnyy, Danyyil"]
[Black "Paris, Giorgio"]
[Result "1-0"]
[WhiteElo "2098"]
[BlackElo "1849"]
[PlyCount "86"]
[EventDate "2005.01.21"]

1. e4 e5 2. Nf3 Nc6 3. d4 exd4 4. Bc4 Bc5 5. c3 Nf6 6. cxd4 Bb4+ 7. Nc3 Nxe4 8.
O-O Bxc3 9. bxc3 d5 10. Re1 O-O 11. Bd3 f5 12. Qb3 Na5 13. Qc2 Nc4 14. Bxc4
dxc4 15. Ne5 b5 16. a4 Bd7 17. axb5 Bxb5 18. Ba3 Rf6 19. f3 Ng5 20. Bc5 a6 21.
Qa2 Qd5 22. Be7 Re8 23. Bxf6 gxf6 24. Nd3 Ne6 25. Nb4 Qd6 26. Qd2 c5 27. Nc2
Rd8 28. Ne3 Qf4 29. d5 Nc7 30. Rad1 Ne8 31. Qe2 Nd6 32. g3 Qg5 33. Ng2 Re8 34.
Qf2 Rc8 35. Re6 Nf7 36. h4 Qh6 37. Nf4 Ne5 38. d6 Nd7 39. Nd5 Qf8 40. Ne7+ Kf7
41. Nxc8 Kxe6 42. Qe3+ Kf7 43. Ne7 Qe8 1-0

[Event "XVI Weekend A"]
[Site "Campodarsego ITA"]
[Date "2005.01.23"]
[Round "5"]
[White "Gennari, Leone"]
[Black "Stafie, Constantin"]
[Result "0-1"]
[WhiteElo "2053"]
[BlackElo "2100"]
[PlyCount "54"]
[EventDate "2005.01.21"]

1. d4 Nf6 2. c4 c5 3. d5 d6 4. Nc3 g6 5. e4 Bg7 6. Bd3 O-O 7. Nge2 Na6 8. O-O
e6 9. f4 exd5 10. cxd5 Nc7 11. a4 b6 12. Bc4 Re8 13. Qc2 a6 14. Bd2 Rb8 15.
Rae1 b5 16. axb5 axb5 17. Ba2 b4 18. Nd1 Nxe4 19. Ng3 Nxg3 20. hxg3 Bf5 21. Qc4
Qd7 22. Kh2 Qb5 23. Rxe8+ Rxe8 24. Re1 Rxe1 25. Bxe1 Qxc4 26. Bxc4 Be4 27. Ne3
Bxb2 0-1

[Event "XVI Weekend A"]
[Site "Campodarsego ITA"]
[Date "2005.01.23"]
[Round "5"]
[White "Giancotti, Eraldo"]
[Black "Forato, Enrico"]
[Result "1-0"]
[WhiteElo "2085"]
[BlackElo "1993"]
[PlyCount "63"]
[EventDate "2005.01.21"]

1. d4 Nf6 2. c4 g6 3. Nc3 Bg7 4. e4 d6 5. Nge2 O-O 6. Ng3 Nc6 7. h4 e5 8. d5
Nd4 9. h5 Bd7 10. hxg6 fxg6 11. Bg5 Qe8 12. f3 b5 13. cxb5 Nxb5 14. Bxb5 Bxb5
15. Qd2 Ba6 16. Nf1 Nd7 17. b4 Rb8 18. a3 Nb6 19. Qf2 Rf7 20. Qh4 Bh8 21. Ne3
Nc4 22. Ng4 Kf8 23. Bf6 Ne3 24. Qh6+ Kg8 25. Qxe3 Rxf6 26. Nxf6+ Bxf6 27. Qxa7
Qc8 28. Rc1 Bg5 29. Ra1 Rb6 30. Na4 Be3 31. Rc1 Bxc1 32. Nxb6 1-0

[Event "XVI Weekend A"]
[Site "Campodarsego ITA"]
[Date "2005.01.23"]
[Round "5"]
[White "Gromovs, Sergejs"]
[Black "Cacco, Christian"]
[Result "0-1"]
[WhiteElo "2335"]
[BlackElo "2282"]
[PlyCount "120"]
[EventDate "2005.01.21"]

1. d4 c5 2. e4 cxd4 3. c3 dxc3 4. Nxc3 Nc6 5. Nf3 e6 6. Bf4 a6 7. Bc4 Nge7 8.
O-O Ng6 9. Bg3 Be7 10. Qe2 e5 11. Rfd1 O-O 12. Nd5 Re8 13. h4 d6 14. h5 Nf8 15.
h6 g5 16. Bxe5 dxe5 17. Nf6+ Bxf6 18. Rxd8 Nxd8 19. Qe3 Be6 20. Bd5 Ng6 21. g3
Ne7 22. Nxg5 Nxd5 23. exd5 Bxd5 24. Nxh7 Kxh7 25. Qd3+ Kxh6 26. Qxd5 Kg7 27.
Rc1 Nc6 28. Rc4 Rad8 29. Rg4+ Kf8 30. Qc5+ Re7 31. Qe3 Re6 32. Qc5+ Be7 33. Qc2
Rd4 34. Re4 Rxe4 35. Qxe4 Ke8 36. Kg2 Bc5 37. Qd5 Ba7 38. b4 Re7 39. Qe4 Rd7
40. a4 Rd4 41. Qh7 Rxb4 42. Qg8+ Ke7 43. Qg5+ Ke6 44. f4 exf4 45. gxf4 Rxa4 46.
Qg8 Rxf4 47. Qc8+ Kd6 48. Qxb7 a5 49. Kg3 Rf2 50. Qa6 f5 51. Qd3+ Kc7 52. Qc4
f4+ 53. Kg4 Be3 54. Kf5 Rd2 55. Kg4 Rd4 56. Qc3 Kb6 57. Kf3 Rb4 58. Ke2 a4 59.
Qa1 Kb5 60. Kd3 Bd4 0-1

[Event "XVI Weekend A"]
[Site "Campodarsego ITA"]
[Date "2005.01.23"]
[Round "5"]
[White "Molina, Fabrizio"]
[Black "Caruso, Augusto"]
[Result "1-0"]
[WhiteElo "2276"]
[BlackElo "2214"]
[PlyCount "89"]
[EventDate "2005.01.21"]

1. c4 e6 2. g3 d5 3. Nf3 Nf6 4. Bg2 Be7 5. b3 O-O 6. O-O c5 7. d3 b6 8. Bb2 Bb7
9. e3 Nbd7 10. Nc3 Qc7 11. Qe2 Bc6 12. Rac1 Qb7 13. cxd5 Nxd5 14. Rfd1 Rac8 15.
Nxd5 Bxd5 16. Ne1 Bxg2 17. Nxg2 Bf6 18. Bxf6 Nxf6 19. Ne1 Rfd8 20. Qf3 Qa6 21.
Rd2 h6 22. Rc4 Qa5 23. Qe2 b5 24. Rc1 c4 25. bxc4 Rxc4 26. Rdc2 Rxc2 27. Qxc2
Nd5 28. e4 Nb6 29. Qb2 Rc8 30. Rxc8+ Nxc8 31. Ng2 Qb6 32. Ne3 a5 33. Qc3 Nd6
34. e5 b4 35. Qc2 Nb5 36. Qc8+ Kh7 37. Qd7 Qc5 38. Qxf7 Qxe5 39. h4 Nd6 40. Qc7
a4 41. d4 Qxd4 42. Qc2+ Ne4 43. Kg2 b3 44. axb3 a3 45. Kf3 1-0

[Event "XVI Weekend A"]
[Site "Campodarsego ITA"]
[Date "2005.01.23"]
[Round "5"]
[White "Quaranta, Cristiano"]
[Black "Bonafede, Alessandro"]
[Result "0-1"]
[WhiteElo "2072"]
[BlackElo "2089"]
[PlyCount "68"]
[EventDate "2005.01.21"]

1. d4 f5 2. Bg5 g6 3. h4 Bg7 4. e3 h6 5. Bf4 e6 6. Nf3 d6 7. Bc4 Nf6 8. Nc3 Qe7
9. Qd3 Bd7 10. e4 d5 11. Ne5 dxc4 12. Qxc4 Nh5 13. Nxg6 Qf6 14. Nxh8 Nxf4 15.
Qxc7 Nxg2+ 16. Kf1 Bxh8 17. Kxg2 fxe4 18. Nxe4 Qg6+ 19. Kf3 Bc6 20. Rae1 Na6
21. Qg3 Qf5+ 22. Qf4 O-O-O 23. h5 Rxd4 24. Rhg1 Rxe4 25. Qxf5 exf5 26. Rxe4
Bxe4+ 27. Ke3 Bxb2 28. c3 Ba3 29. Kd2 Kd7 30. Rg7+ Be7 31. Ke2 Ke6 32. Rg6+ Bf6
33. Rxh6 f4 34. f3 Bf5 0-1

[Event "XVI Weekend A"]
[Site "Campodarsego ITA"]
[Date "2005.01.23"]
[Round "5"]
[White "Valentini, Paola"]
[Black "Roberti, Ignazio"]
[Result "1-0"]
[WhiteElo "1790"]
[BlackElo "1975"]
[PlyCount "77"]
[EventDate "2005.01.21"]

1. c4 Nf6 2. Nc3 g6 3. g3 Bg7 4. Bg2 c6 5. e4 d6 6. d3 c5 7. Nge2 Nc6 8. O-O
O-O 9. h3 a6 10. Rb1 Rb8 11. f4 e6 12. a3 Nd4 13. Be3 e5 14. b4 Qc7 15. bxc5
Qxc5 16. Na4 Nxe2+ 17. Qxe2 Qc7 18. Nb6 Nh5 19. Kh2 Be6 20. f5 Bd7 21. Nd5 Qd8
22. h4 b5 23. c5 Bc6 24. Nb4 Qd7 25. cxd6 a5 26. Nxc6 Qxc6 27. Rfc1 Qa6 28.
fxg6 hxg6 29. Bh3 Rfd8 30. d7 Nf6 31. Bg5 Bf8 32. Rf1 Be7 33. Qf3 Rb6 34. Rbc1
Kg7 35. d4 Re6 36. Bxe6 Qxe6 37. d5 Ng4+ 38. Kg2 Bxg5 39. dxe6 1-0

[Event "XVI Weekend A"]
[Site "Campodarsego ITA"]
[Date "2005.01.23"]
[Round "5"]
[White "Xia, Jie"]
[Black "Padovan, Remo"]
[Result "1-0"]
[WhiteElo "2097"]
[BlackElo "1853"]
[PlyCount "73"]
[EventDate "2005.01.21"]

1. e4 c5 2. Nf3 d6 3. d4 cxd4 4. Nxd4 Nf6 5. f3 e6 6. c4 Nc6 7. Be3 Be7 8. Nc3
a6 9. Be2 Qc7 10. O-O O-O 11. Qd2 Rd8 12. Rfc1 Nd7 13. Nd5 exd5 14. cxd5 Nde5
15. f4 Ng6 16. dxc6 b6 17. a4 Rb8 18. b4 Bf6 19. Rab1 Re8 20. Bd3 h5 21. b5 a5
22. Qf2 h4 23. Rf1 h3 24. g3 Bg4 25. Nc2 Bc3 26. Bd4 Bxd4 27. Qxd4 Qe7 28. Ne3
Bc8 29. Nd5 Qa7 30. Rbe1 Ne7 31. f5 Nxd5 32. exd5 Rxe1 33. Rxe1 f6 34. Re8+ Kf7
35. Qe3 Bxf5 36. Rxb8 Bxd3 37. Qe8# 1-0

[Event "Weekend A"]
[Site "Bari ITA"]
[Date "2005.01.22"]
[Round "1"]
[White "Borino, Paolo"]
[Black "Garofalo, Pietro"]
[Result "1-0"]
[WhiteElo "1857"]
[BlackElo "2095"]
[PlyCount "99"]
[EventDate "2005.01.22"]

1. f4 d6 2. Nf3 Bg4 3. e3 e5 4. fxe5 dxe5 5. Nc3 Bd6 6. Be2 f5 7. b3 Bxf3 8.
Bxf3 e4 9. Bh5+ g6 10. O-O Qh4 11. g3 Qxh5 12. Qxh5 gxh5 13. Rxf5 h4 14. Nxe4
Ne7 15. Rh5 hxg3 16. hxg3 Nd7 17. Bb2 Rg8 18. Nxd6+ cxd6 19. Kh2 Nf8 20. c4 Rc8
21. Bd4 Nc6 22. Bc3 Rc7 23. Rf1 Rf7 24. Rf4 Rg6 25. b4 Re6 26. c5 dxc5 27. b5
Ne7 28. Rxc5 Rxf4 29. gxf4 Rd6 30. Kg3 Nd7 31. Rc7 Rb6 32. a4 Nd5 33. Rc8+ Kf7
34. Bd4 Rg6+ 35. Kf3 N7b6 36. Rb8 Re6 37. a5 Nc4 38. Rxb7+ Re7 39. a6 Nd6 40.
Rxe7+ Nxe7 41. b6 Nb5 42. bxa7 Nc7 43. Ke4 Ke6 44. Bc5 Nf5 45. d4 Ng3+ 46. Kf3
Nf5 47. e4 Nd6 48. d5+ Kd7 49. e5 Ndb5 50. f5 1-0

[Event "Weekend A"]
[Site "Bari ITA"]
[Date "2005.01.22"]
[Round "1"]
[White "Capitelli, Paolo"]
[Black "Crudele, Michele"]
[Result "1-0"]
[WhiteElo "2161"]
[BlackElo "1897"]
[PlyCount "147"]
[EventDate "2005.01.22"]

1. e4 Nc6 2. d4 d5 3. e5 Bf5 4. c3 e6 5. Bd3 Nge7 6. f4 h5 7. Nf3 Bxd3 8. Qxd3
Nf5 9. O-O Qd7 10. b4 a5 11. b5 Na7 12. a4 b6 13. Ba3 O-O-O 14. Bxf8 Rdxf8 15.
Na3 Kb8 16. Rac1 Nc8 17. Nc2 Nce7 18. Ne3 Nxe3 19. Qxe3 Nf5 20. Qf2 Rd8 21. Nh4
Nh6 22. f5 exf5 23. Nxf5 Ng4 24. Qg3 g6 25. Ne3 Nh6 26. Rf6 Qe7 27. Ra1 Rd7 28.
Rc6 Ka7 29. Qf4 g5 30. Qf3 Ng4 31. Nxd5 Nxe5 32. dxe5 Qxe5 33. Nf6 Re7 34. Rd1
Rh6 35. Nd5 g4 36. Qf2 Rxc6 37. Nxe7 Rxc3 38. Nc6+ Rxc6 39. bxc6 Qe4 40. Qxf7
Qxc6 41. Qf4 Kb7 42. Rc1 Qd7 43. Qe4+ Ka7 44. g3 c5 45. Re1 b5 46. axb5 Kb6 47.
Qc6+ Qxc6 48. bxc6 Kxc6 49. Kf2 a4 50. Ke3 Kb5 51. Kd3 a3 52. Kc3 Ka4 53. Ra1
Kb5 54. Rxa3 Kc6 55. Ra8 Kd5 56. Rh8 Ke4 57. Rxh5 Kf3 58. Rh4 Kg2 59. Rxg4 Kxh2
60. Rg8 Kh3 61. Kc4 Kg2 62. Kxc5 Kh3 63. Kd4 Kg2 64. Ke4 Kh3 65. Kf4 Kg2 66. g4
Kh3 67. g5 Kg2 68. g6 Kh3 69. g7 Kg2 70. Re8 Kf2 71. g8=Q Kf1 72. Qc4+ Kg1 73.
Rg8+ Kf2 74. Qc2+ 1-0

[Event "Weekend A"]
[Site "Bari ITA"]
[Date "2005.01.22"]
[Round "1"]
[White "Garrapa, Gianluigi"]
[Black "De Toma, Francesco"]
[Result "1/2-1/2"]
[WhiteElo "1981"]
[BlackElo "1768"]
[PlyCount "91"]
[EventDate "2005.01.22"]

1. e4 c5 2. Nf3 d6 3. d4 cxd4 4. Nxd4 Nf6 5. Nc3 a6 6. Be2 e5 7. Nb3 Be7 8. O-O
O-O 9. Be3 Nbd7 10. f4 b5 11. a3 Bb7 12. Bf3 Nb6 13. Na5 Qc7 14. Nxb7 Qxb7 15.
Qe1 Nc4 16. Bc1 Rac8 17. Kh1 Rfd8 18. g4 Bf8 19. g5 Nd7 20. f5 Ndb6 21. Qh4 d5
22. exd5 Nd6 23. Bg2 Rc4 24. Qg3 e4 25. b3 Rxc3 26. Qxc3 Rc8 27. Qd2 Nxd5 28.
Bb2 b4 29. Rad1 Nc3 30. Bxc3 Rxc3 31. axb4 Qc7 32. Qf4 e3 33. Rd3 e2 34. Re1
Rxc2 35. Re3 Qd7 36. R3xe2 Rxe2 37. Rxe2 Nxf5 38. Rd2 Nd6 39. Qe5 Qc7 40. Qc5
Qe7 41. Rd1 Qe2 42. Qd5 Nf5 43. Qd3 Qh5 44. Be4 Ng3+ 45. Qxg3 Qxd1+ 46. Qg1
1/2-1/2

[Event "Weekend A"]
[Site "Bari ITA"]
[Date "2005.01.22"]
[Round "1"]
[White "Muolo, Angelo"]
[Black "Delfino, Luigi"]
[Result "1/2-1/2"]
[WhiteElo "1828"]
[BlackElo "2078"]
[PlyCount "96"]
[EventDate "2005.01.22"]

1. e4 c5 2. Nf3 d6 3. d4 cxd4 4. Nxd4 Nf6 5. Nc3 a6 6. Be2 e6 7. O-O Qc7 8. Kh1
Be7 9. f4 Nc6 10. Be3 Bd7 11. Bf3 Rc8 12. Qd2 Na5 13. Qf2 Nc4 14. Bc1 b5 15.
Qg3 b4 16. Nd1 e5 17. fxe5 dxe5 18. Nf5 Bxf5 19. exf5 Kf8 20. Ne3 Nb6 21. Bd2
Bd6 22. Qh4 h6 23. Bxb4 Bxb4 24. Qxb4+ Kg8 25. Rad1 Kh7 26. Qd6 Na4 27. b3 Nc3
28. Qxc7 Rxc7 29. Rd6 e4 30. Bd1 a5 31. a4 Re8 32. Re1 Re5 33. Be2 Nxe2 34.
Rxe2 Rc3 35. g4 Rxe3 36. Rxe3 Nxg4 37. Re2 Rxf5 38. h3 Nf6 39. Kg2 Re5 40. Rb6
Rc5 41. c4 Rg5+ 42. Kh2 Rf5 43. Re3 g5 44. Rb5 Rf2+ 45. Kg3 Rc2 46. Rxa5 Kg6
47. Ra6 Kf5 48. Ra5+ Kg6 1/2-1/2

[Event "Weekend A"]
[Site "Bari ITA"]
[Date "2005.01.22"]
[Round "1"]
[White "Palma, Antonio"]
[Black "Pizzuto, Samuele Tullio"]
[Result "0-1"]
[WhiteElo "1953"]
[BlackElo "2186"]
[PlyCount "88"]
[EventDate "2005.01.22"]

1. d4 d5 2. c4 Nc6 3. Nc3 Nf6 4. cxd5 Nxd5 5. e4 Nxc3 6. bxc3 e5 7. d5 Nb8 8.
Nf3 Nd7 9. Bb5 Bd6 10. O-O O-O 11. Re1 Qe7 12. Be3 Nc5 13. Nd2 f5 14. f3 f4 15.
Bf2 g5 16. Nc4 a6 17. Nxd6 cxd6 18. Bc4 Qc7 19. Rc1 Bd7 20. Bb3 Rf6 21. Qe2 Kg7
22. Red1 h5 23. Rd2 Rg6 24. Bxc5 Qxc5+ 25. Qf2 Qa5 26. c4 Rc8 27. Rd3 Rc5 28.
Bd1 Qc7 29. Bb3 Qd8 30. Bd1 g4 31. Rb1 Bc8 32. fxg4 hxg4 33. Rc3 b5 34. Be2 Bd7
35. Rcb3 bxc4 36. Rc3 Qc7 37. Rbc1 Be8 38. Rxc4 g3 39. hxg3 fxg3 40. Qe3 Rxc4
41. Rxc4 Qe7 42. Bf3 Bb5 43. Rc8 Rh6 44. a4 Rh1+ 0-1

[Event "Weekend A"]
[Site "Bari ITA"]
[Date "2005.01.22"]
[Round "1"]
[White "Rizzo, Giovanbattista"]
[Black "Pascali, Frederic"]
[Result "1-0"]
[WhiteElo "2089"]
[BlackElo "1831"]
[PlyCount "83"]
[EventDate "2005.01.22"]

1. d4 d5 2. c4 c6 3. Nf3 Nf6 4. e3 Bg4 5. cxd5 Bxf3 6. Qxf3 Qxd5 7. Nc3 Qxf3 8.
gxf3 e6 9. e4 Nbd7 10. Be3 O-O-O 11. a3 Kb8 12. Bc4 Nb6 13. Ba2 Be7 14. Rg1 g6
15. b4 Nfd7 16. Ke2 h6 17. Rab1 g5 18. a4 Rhf8 19. a5 Nc8 20. f4 Rg8 21. b5 c5
22. d5 gxf4 23. Rxg8 Rxg8 24. dxe6 fxe3 25. exd7 Nd6 26. Kxe3 Bf6 27. Nd5 Bd4+
28. Kf4 b6 29. Ne7 Rf8 30. axb6 axb6 31. Nc6+ Kc7 32. d8=Q+ Rxd8 33. Nxd8 Kxd8
34. e5 Nb7 35. f3 Ke7 36. Ke4 Nd8 37. f4 Ne6 38. Bxe6 Kxe6 39. f5+ Ke7 40. Kd5
Kd7 41. Rb3 Bg1 42. Rh3 1-0

[Event "Weekend A"]
[Site "Bari ITA"]
[Date "2005.01.22"]
[Round "1"]
[White "Shytaj, Carlo"]
[Black "Di Lascio, Savino"]
[Result "1-0"]
[WhiteElo "2195"]
[BlackElo "1964"]
[PlyCount "49"]
[EventDate "2005.01.22"]

1. d4 Nf6 2. Bg5 Ne4 3. Bf4 d5 4. f3 Nd6 5. Nc3 e6 6. e4 c6 7. Bd3 b6 8. Nge2
Ba6 9. O-O Be7 10. Qe1 Bxd3 11. cxd3 Na6 12. Qg3 g5 13. Be5 f6 14. Bxd6 Bxd6
15. e5 Bc7 16. f4 c5 17. fxg5 cxd4 18. Nxd4 Bxe5 19. Qe3 Qd6 20. gxf6 Kf7 21.
Ndb5 Bxh2+ 22. Kh1 Qg3 23. Qh6 Rad8 24. Qxh2 Qxd3 25. Nd6+ 1-0

[Event "Weekend A"]
[Site "Bari ITA"]
[Date "2005.01.22"]
[Round "1"]
[White "Vespe, Francesco"]
[Black "Laghetti, Gaetano"]
[Result "1/2-1/2"]
[WhiteElo "2045"]
[BlackElo "1823"]
[PlyCount "42"]
[EventDate "2005.01.22"]

1. d4 Nf6 2. c4 g6 3. Nc3 Bg7 4. e4 d6 5. Be2 O-O 6. h4 e5 7. d5 h6 8. Be3 c6
9. Qd2 Kh7 10. h5 g5 11. c5 dxc5 12. Bxc5 Re8 13. Nf3 cxd5 14. exd5 e4 15. Nh2
Nbd7 16. Ba3 Nb6 17. Rd1 Re5 18. Nf1 Bg4 19. Ne3 Bxe2 20. Qxe2 Qd7 21. g4 Rd8
1/2-1/2

[Event "Weekend A"]
[Site "Bari ITA"]
[Date "2005.01.22"]
[Round "1"]
[White "Viterbo, Luca"]
[Black "Caputi, Nicola"]
[Result "0-1"]
[WhiteElo "1811"]
[BlackElo "2019"]
[PlyCount "82"]
[EventDate "2005.01.22"]

1. e4 c5 2. Nf3 Nc6 3. d4 cxd4 4. Nxd4 e5 5. Nb5 d6 6. c4 Be7 7. Be3 Nf6 8. f3
Be6 9. Be2 a6 10. N5c3 O-O 11. O-O Rb8 12. Nd5 b5 13. Nxe7+ Qxe7 14. cxb5 axb5
15. Nc3 Bc4 16. b3 Bxe2 17. Qxe2 b4 18. Na4 h6 19. Rac1 Qb7 20. Rfd1 Rfd8 21.
Rc2 Rbc8 22. Rdc1 Ne7 23. Nb6 Rxc2 24. Rxc2 d5 25. exd5 Nexd5 26. Nxd5 Nxd5 27.
Rd2 Rc8 28. Qd3 Nf6 29. Qd6 Qb5 30. Kf2 e4 31. Bxh6 exf3 32. gxf3 Rc6 33. Qd8+
Kh7 34. Bf4 Rc3 35. Be3 Qf5 36. Ke2 Qh3 37. Qd4 Qg2+ 38. Ke1 Qxf3 39. Re2 Ng4
40. Qxb4 Rd3 41. Qc5 Nxe3 0-1

[Event "Weekend A"]
[Site "Bari ITA"]
[Date "2005.01.23"]
[Round "2"]
[White "Borino, Paolo"]
[Black "Capitelli, Paolo"]
[Result "0-1"]
[WhiteElo "1857"]
[BlackElo "2161"]
[PlyCount "82"]
[EventDate "2005.01.22"]

1. f4 d5 2. b3 Nf6 3. Bb2 e6 4. Nf3 Bd6 5. e3 c5 6. Nc3 Nc6 7. Bb5 Bd7 8. O-O
O-O 9. Ne2 h6 10. Ng3 a6 11. Bxc6 Bxc6 12. Ne5 Bb5 13. d3 Rc8 14. a4 Bc6 15.
Nh5 Nxh5 16. Qxh5 f6 17. Nxc6 Rxc6 18. Rf3 Qe8 19. Qg4 Qf7 20. Rg3 c4 21. bxc4
dxc4 22. d4 Rb6 23. Bc3 Bb4 24. Rb1 a5 25. f5 exf5 26. Qxf5 Qc7 27. Bxb4 Rxb4
28. Rxb4 axb4 29. Qb5 b3 30. cxb3 c3 31. Qf1 c2 32. Qc1 Qc3 33. Rf3 Qxb3 34.
Rf1 Qxa4 35. Qb2 Rc8 36. Rc1 b5 37. Kf2 Qc4 38. d5 Qxd5 39. Ke1 Qd3 40. Qa2+
Kh8 41. Qe6 Qc3+ 0-1